[Event "Bogny/Chaumont"]
[Site "Bogny sur Meuse"]
[Date "2010.12.12"]
[Round "3"]
[White "LOUOT, Catherine"]
[Black "HUSSON, C."]
[Result "0-1"]
[WhiteElo "1555"]
[BlackElo "1730"]
[PlyCount "66"]
[EventDate "2010.10.24"]
[SourceDate "2010.12.13"]

1. e4 c5 2. Nf3 Nc6 3. Bc4 e6 4. Nc3 d6 5. O-O Nf6 6. d3 Be7 7. Re1 O-O 8. Be3
Na5 9. Qe2 a6 10. a3 Nxc4 11. dxc4 Qc7 12. Bg5 Ne8 13. Bxe7 Qxe7 14. Rad1 Qc7
15. e5 b6 16. exd6 Nxd6 17. Qe5 Rd8 18. Ne4 f6 19. Qg3 e5 20. Nxf6+ Kh8 21. Nd5
Qb7 22. Rxe5 Nxc4 23. Qh4 Bg4 24. Rg5 Bxf3 25. gxf3 b5 26. b3 Nxa3 27. Qe4 Re8
28. Qd3 Rad8 29. Rh5 h6 30. Qc3 Qc6 31. b4 Qg6+ 32. Kf1 Qxh5 33. Qxc5 Qxh2 0-1

[Event "Chalons/LTR"]
[Site "?"]
[Date "2010.12.12"]
[Round "3"]
[White "SALAZAR, Diego"]
[Black "LASSALLE, Arnaud"]
[Result "0-1"]
[WhiteElo "2037"]
[BlackElo "2055"]
[PlyCount "68"]
[EventDate "2010.12.14"]
[SourceDate "2010.12.14"]

1. c4 Nf6 2. Nc3 c5 3. e4 Nc6 4. f4 d6 5. Nf3 g6 6. d4 cxd4 7. Nxd4 Bg7 8. Nb3
O-O 9. Be2 Be6 10. Be3 Na5 11. Nd2 Rc8 12. Qa4 Bd7 13. Qb4 Nc6 14. Qb3 Na5 15.
Qc2 Be6 16. b3 a6 17. O-O b5 18. f5 Bd7 19. Bd4 Nc6 20. Be3 bxc4 21. Bxc4 d5
22. exd5 Nb4 23. Qd1 Bxf5 24. a3 Nc2 25. Qe2 Nxa1 26. Rxa1 Ng4 27. Rc1 Qa5 28.
Nf3 Nxe3 29. Qxe3 Qxa3 30. Ne2 Bb2 31. Rf1 Rxc4 32. Qh6 Bg7 33. Qg5 Qxb3 34.
Qxe7 Re4 0-1

[Event "Chalons/LTR"]
[Site "?"]
[Date "2010.12.12"]
[Round "3"]
[White "HALFAOUI, Eddine"]
[Black "VEILLERETTE, Patrick"]
[Result "1-0"]
[WhiteElo "1818"]
[BlackElo "1900"]
[PlyCount "43"]
[EventDate "2010.12.14"]
[SourceDate "2010.12.14"]

1. e4 d5 2. exd5 Qxd5 3. Nc3 Qa5 4. d4 Nf6 5. Nf3 c6 6. Bd3 Bg4 7. O-O e6 8.
Ne4 Nbd7 9. c3 Nxe4 10. Bxe4 Nf6 11. Qb3 Qb6 12. Ne5 Nxe4 13. Nxg4 Be7 14. Qc2
Nf6 15. Ne5 O-O 16. Bg5 Qc7 17. Rae1 Rfd8 18. Re3 Nd5 19. Rh3 g6 20. Bh6 (20.
Nxf7 $3) 20... Bf8 21. Qd2 Qe7 22. c4 1-0

[Event "Chalons/LTR"]
[Site "?"]
[Date "2010.12.12"]
[Round "3"]
[White "HARNICK, Cecilien"]
[Black "HACENE, Ahmed"]
[Result "1-0"]
[WhiteElo "1956"]
[BlackElo "1782"]
[PlyCount "97"]
[EventDate "2010.12.14"]
[SourceDate "2010.12.14"]

1. e4 e5 2. Nf3 Nc6 3. d4 exd4 4. Bc4 d5 5. exd5 Na5 6. Qxd4 Nxc4 7. Qxc4 Nf6
8. Nc3 Bd6 9. Bg5 Qe7+ 10. Kd2 O-O 11. Rae1 Qd8 12. Kc1 c6 13. Nd4 cxd5 14.
Nxd5 Bd7 15. Nxf6+ gxf6 16. Bh6 Re8 17. Ne6 Bxe6 18. Rxe6 f5 (18... Rxe6 19.
Qg4+) 19. Rxe8+ Qxe8 20. Qd5 Be5 21. f4 Bf6 22. Kb1 Qe3 23. Qxb7 Re8 24. Rd1
Qd2 25. Qf3 Qb4 26. c3 Qb5 27. Qd3 Qb8 28. Kc2 Kh8 29. Qxf5 Re2+ 30. Kd3 Re6
31. Rd2 Rd6+ 32. Kc2 Rxd2+ 33. Kxd2 Qxb2+ 34. Qc2 Qb7 35. Kd1 Qc6 36. c4 Be7
37. Qb2+ Qf6 38. Qxf6+ Bxf6 39. f5 Be5 40. h3 f6 41. Kc2 Kg8 42. Kd3 Kf7 43.
Ke4 Bc3 44. Kd5 Ke7 45. Be3 a5 46. Kc6 Kd8 47. Kb7 Be5 48. c5 Kd7 49. c6+ 1-0

[Event "Chalons/LTR"]
[Site "?"]
[Date "2010.12.12"]
[Round "2"]
[White "LOUIS, Andre"]
[Black "KRUMM, Serge"]
[Result "1/2-1/2"]
[WhiteElo "1823"]
[BlackElo "1710"]
[PlyCount "94"]
[EventDate "2010.12.14"]
[SourceDate "2010.12.14"]

1. e4 e5 2. Nf3 Nc6 3. Bb5 Nf6 4. O-O Be7 5. Nc3 d6 6. d4 a6 7. Bxc6+ bxc6 8.
dxe5 dxe5 9. Qxd8+ Bxd8 10. Nxe5 Bb7 11. f3 O-O 12. Be3 Be7 13. Nd3 Nd7 14. Na4
f5 15. e5 Nb6 16. Nac5 Bc8 17. f4 a5 18. b3 Nd5 19. Bd4 Nb4 20. Rf2 Nxd3 21.
Nxd3 Rd8 22. Bc5 Rxd3 23. Bxe7 Rd5 24. c4 Rd3 25. Re2 Be6 26. Kf1 a4 27. Rb1
axb3 28. axb3 Rb8 29. Rc2 Rbxb3 30. Rxb3 Rxb3 31. Bd8 Rb4 32. Bxc7 Rxc4 33. Rf2
Rc1+ 34. Ke2 Rc2+ 35. Ke3 Rxf2 36. Kxf2 Bd5 37. g4 g6 38. Kg3 h6 39. gxf5 gxf5
40. Bd6 Kf7 41. Kh4 Kg6 42. Bf8 Be6 43. Kg3 Bd5 44. Kf2 h5 45. Ke3 Kf7 46. Bc5
Ke6 47. Bd6 Be4 1/2-1/2

[Event "Chalons/LTR"]
[Site "?"]
[Date "2010.12.12"]
[Round "3"]
[White "DIGOT, Jeremy"]
[Black "JUPIN, Francois"]
[Result "1/2-1/2"]
[WhiteElo "1690"]
[BlackElo "1780"]
[PlyCount "68"]
[EventDate "2010.12.14"]
[SourceDate "2010.12.14"]

1. d4 Nf6 2. c4 g6 3. Nc3 Bg7 4. e4 d6 5. Nf3 O-O 6. Be2 Nbd7 7. O-O e5 8. d5
Nc5 9. Nd2 a5 10. b3 Ne8 11. Ba3 Na6 12. Rc1 f5 13. f3 f4 14. c5 Nxc5 15. Bxc5
dxc5 16. Nb5 b6 17. Nc4 Ba6 18. Nba3 Bxc4 19. Nxc4 Nd6 20. a4 h5 21. Qe1 g5 22.
Nd2 h4 23. Kh1 Rf6 24. Rg1 Rh6 25. h3 Bf6 26. Nf1 Kg7 27. Nh2 Rh8 28. Ng4 Qe7
29. Rd1 Ra7 30. Qc3 Raa8 31. Qe1 Rab8 32. Ra1 Ra8 33. Rd1 Rab8 34. Ra1 Ra8
1/2-1/2

[Event "Chalons/LTR"]
[Site "?"]
[Date "2010.12.12"]
[Round "3"]
[White "ATANECIAN, Valerick"]
[Black "COUTIER, Camille"]
[Result "1-0"]
[WhiteElo "1499"]
[BlackElo "1532"]
[PlyCount "47"]
[EventDate "2010.12.14"]
[SourceDate "2010.12.14"]

1. d4 d5 2. f4 Nc6 3. e3 Nf6 4. Nf3 e6 5. c3 Bd6 6. Bd3 Bd7 7. O-O O-O 8. Qc2
Rc8 9. Ne5 h6 10. Nd2 Ne7 11. Nxd7 Qxd7 12. Nf3 c5 13. Qe2 a6 14. Ne5 Qd8 15.
Kh1 cxd4 16. exd4 Nd7 17. g3 Nxe5 18. fxe5 Bc7 19. Bd2 Nc6 20. Qg4 Kh8 21. Bxh6
gxh6 22. Rf6 Qxf6 23. exf6 Rg8 24. Qh5 1-0

[Event "Chalons/LTR"]
[Site "?"]
[Date "2010.12.12"]
[Round "3"]
[White "POGU, Thomas"]
[Black "MONDEEL, Paul"]
[Result "1-0"]
[WhiteElo "1510"]
[BlackElo "1520"]
[PlyCount "53"]
[EventDate "2010.12.14"]
[SourceDate "2010.12.14"]

1. e4 e5 2. Nf3 Nc6 3. Nc3 d6 4. Bb5 Bd7 5. O-O Nf6 6. d3 Be7 7. Be3 O-O 8. d4
exd4 9. Nxd4 Ne5 10. Bxd7 Qxd7 11. f4 Nc4 12. Bc1 Ng4 13. Nf5 Nf6 14. Qd3 Nb6
15. e5 Ne8 16. Re1 dxe5 17. Qxd7 Nxd7 18. Nxe7+ Kh8 19. fxe5 f5 20. Bf4 c6 21.
e6 Nc5 22. Re5 Ne4 23. Rxf5 N8d6 24. Bxd6 Nxd6 25. Rxf8+ Rxf8 26. Rd1 Nc4 27.
Nf5 1-0

[Event "Chalons/LTR"]
[Site "?"]
[Date "2010.12.12"]
[Round "3"]
[White "LOUIS, Sophie"]
[Black "MICHON, Guillaume"]
[Result "0-1"]
[WhiteElo "1390"]
[BlackElo "1499"]
[PlyCount "48"]
[EventDate "2010.12.14"]
[SourceDate "2010.12.14"]

1. e4 c6 2. Nc3 d5 3. exd5 cxd5 4. d4 Bf5 5. Nf3 e6 6. Bb5+ Nc6 7. O-O Nf6 8.
Ne5 Qc7 9. Bf4 Bd6 10. Qd2 O-O 11. Rfe1 Rac8 12. g3 Ne4 13. Qe3 Nxe5 14. dxe5
Bc5 15. Qe2 Bxf2+ 16. Kf1 Bxe1 17. Rxe1 Nxc3 18. bxc3 Qxc3 19. Ba4 Bxc2 20. Rc1
Bd3 21. Rxc3 Bxe2+ 22. Kxe2 Rxc3 23. Bd2 Rc4 24. Bc2 Rxc2 0-1

[Event "N4 Blagny / Rethel "]
[Site "?"]
[Date "2010.12.12"]
[Round "3.1"]
[White "Defrance, Laurent"]
[Black "Meunier, Samuel"]
[Result "1-0"]
[WhiteElo "2148"]
[BlackElo "1960"]
[PlyCount "103"]
[EventDate "2010.12.12"]
[SourceDate "2010.12.12"]

1. d4 Nf6 2. Nf3 e6 3. c4 b6 4. g3 Bb7 5. Bg2 Be7 6. Nc3 O-O 7. O-O d6 8. Qc2
Nbd7 9. Rd1 c5 10. e4 cxd4 11. Nxd4 Qc7 12. Ncb5 Qb8 13. b3 a6 14. Nc3 Qc7 15.
Bb2 Rac8 16. Rac1 Qb8 17. Qe2 Qa8 18. Re1 Rfe8 19. h3 Bf8 20. Rcd1 Nc5 21. Kh2
d5 22. e5 Nfe4 23. Nxe4 Nxe4 24. Bxe4 dxe4 25. Nc2 Qb8 26. Ne3 Qc7 27. Rc1 Red8
28. Red1 Bc5 29. Qe1 Qe7 30. Rxd8+ Rxd8 31. Rd1 Rd3 32. Qe2 Qd7 33. Bc1 h6 34.
h4 Rxd1 35. Qxd1 Qd3 36. Qxd3 exd3 37. Bd2 Bf3 38. g4 Bxe3 39. Bxe3 Bxg4 40.
Kg3 Bf5 41. Kf3 b5 42. cxb5 axb5 43. a4 d2 44. Bxd2 Bc2 45. axb5 Bxb3 46. Bb4
f6 47. exf6 gxf6 48. b6 h5 49. Ke4 Kf7 50. Kd4 Bd5 51. Kc5 Ke7 52. b7 1-0

[Event "N4 Blagny / Rethel "]
[Site "?"]
[Date "2010.12.12"]
[Round "3.2"]
[White "Noizet, Donatien"]
[Black "Dubuisson, Thomas"]
[Result "1/2-1/2"]
[WhiteElo "1966"]
[BlackElo "1996"]
[PlyCount "90"]
[EventDate "2010.12.12"]
[SourceDate "2010.12.12"]

1. e4 g6 2. d4 Bg7 3. Nf3 d6 4. Bf4 Nf6 5. Nbd2 O-O 6. c3 Nbd7 7. h3 Re8 8. Bc4
d5 9. exd5 Nb6 10. Qb3 Nxc4 11. Nxc4 Qxd5 12. Ne3 Qxb3 13. axb3 c6 14. O-O Be6
15. Nd2 Red8 16. Ndc4 Ne4 17. Rfe1 Nd6 18. Na3 Rd7 19. Nac4 Nf5 20. Nb6 Nxe3
21. Rxe3 Rdd8 22. Nxa8 Rxa8 23. Bg5 Kf8 24. Rd1 h6 25. Bh4 g5 26. Bg3 Bxb3 27.
Rde1 e6 28. Rc1 b5 29. Be5 f6 30. Bd6+ Kf7 31. f4 f5 32. g4 Bf6 33. gxf5 exf5
34. Rce1 a5 35. Kh2 a4 36. Ra1 Bd5 37. Rf1 Kg6 38. Rg1 Rg8 39. h4 g4 40. Kg3
Be4 41. Re2 Kh5 42. Rh2 Re8 43. Re1 Re6 44. Bc5 Re8 45. Bd6 Re6 1/2-1/2

[Event "N4 Blagny / Rethel "]
[Site "?"]
[Date "2010.12.12"]
[Round "3.3"]
[White "Peltriaux, Guillaume"]
[Black "Vedonotto, Nicolas"]
[Result "0-1"]
[WhiteElo "1891"]
[BlackElo "2050"]
[PlyCount "76"]
[EventDate "2010.12.12"]
[SourceDate "2010.12.12"]

1. e4 Nc6 2. Nf3 d5 3. exd5 Qxd5 4. Nc3 Qd6 5. h3 Nf6 6. a3 Bf5 7. Bc4 e6 8.
Nb5 Qd7 9. d3 Bc5 10. Qe2 a6 11. Nc3 O-O 12. Ne4 Bxe4 13. dxe4 b5 14. Bd3 e5
15. Be3 Qe7 16. O-O Rfe8 17. c3 Nd8 18. a4 b4 19. Bxc5 Qxc5 20. Rfc1 bxc3 21.
Rxc3 Qa5 22. Rac1 Ne6 23. g3 c5 24. Bc4 Nd4 25. Qd3 Qxa4 26. Ra3 Qc6 27. Nd2 a5
28. f3 a4 29. Kg2 Rab8 30. b4 Rxb4 31. g4 Rb2 32. Qc3 Reb8 33. Kf1 Nd7 34. Ra2
Rxa2 35. Bxa2 Qh6 36. Qc4 Qxd2 37. Qxf7+ Kh8 38. Re1 Rf8 0-1

[Event "N4 Blagny / Rethel "]
[Site "?"]
[Date "2010.12.12"]
[Round "3.4"]
[White "Sohier, Renaud"]
[Black "Glod, Philippe"]
[Result "1-0"]
[WhiteElo "1945"]
[BlackElo "1921"]
[PlyCount "55"]
[EventDate "2010.12.12"]
[SourceDate "2010.12.12"]

1. d4 Nf6 2. c4 c5 3. d5 b5 4. cxb5 a6 5. bxa6 g6 6. Nc3 Bxa6 7. g3 d6 8. Bg2
Bg7 9. Nf3 O-O 10. O-O Nbd7 11. Re1 Ng4 12. Nd2 Qc7 13. Bf1 Nge5 14. f4 Nc4 15.
e4 Nxd2 16. Bxd2 Rfb8 17. Bxa6 Rxa6 18. Qc2 Qb6 19. Rab1 Qb7 20. Na4 Nb6 21.
Nxb6 Qxb6 22. b3 Qa7 23. a4 Rab6 24. e5 Qb7 25. a5 Rxb3 26. a6 Qb6 27. a7 Ra8
28. Rxb3 1-0

[Event "N4 Blagny / Rethel "]
[Site "?"]
[Date "2010.12.12"]
[Round "3.5"]
[White "Hanot, Wilfried"]
[Black "Lambert, Alban"]
[Result "1-0"]
[WhiteElo "1873"]
[BlackElo "1790"]
[PlyCount "63"]
[EventDate "2010.12.12"]
[SourceDate "2010.12.12"]

1. e4 c5 2. Nf3 d6 3. d4 cxd4 4. Nxd4 Nf6 5. Nc3 Nc6 6. Bg5 e6 7. Qd2 a6 8.
O-O-O Bd7 9. Be2 b5 10. Nxc6 Bxc6 11. Qe3 h6 12. Bh4 b4 13. Bxf6 gxf6 14. Nd5
a5 15. Bh5 Bd7 16. Nf4 Rg8 17. h4 Qc7 18. Rhe1 Qa7 19. Qf3 Be7 20. Re3 Rc8 21.
e5 dxe5 22. Bxf7+ Kxf7 23. Qh5+ Kf8 24. Qxh6+ Kf7 25. Qh5+ Kf8 26. Ng6+ Rxg6
27. Qxg6 Ba4 28. Rg3 Rxc2+ 29. Kb1 Rxb2+ 30. Kxb2 Qxf2+ 31. Kc1 Qf4+ 32. Rd2
1-0

[Event "N4 Blagny / Rethel "]
[Site "?"]
[Date "2010.12.12"]
[Round "3.6"]
[White "Gerardin, David"]
[Black "Gaubert, Virginie"]
[Result "1-0"]
[WhiteElo "1760"]
[BlackElo "1686"]
[Annotator ",xxxx"]
[PlyCount "131"]
[EventDate "2010.12.12"]
[SourceDate "2010.12.12"]

1. e4 c5 2. Nf3 d6 3. d4 cxd4 4. Nxd4 Nf6 5. Nc3 g6 6. Be2 Bg7 7. h4 h5 8. Be3
Nc6 9. f3 O-O 10. Qd2 Bd7 11. O-O-O Rc8 12. Nxc6 Bxc6 (12... bxc6) 13. Bh6 Qa5
14. Bxg7 Kxg7 15. Kb1 Ba4 16. Nxa4 Qxa4 17. b3 Qa3 18. Qd4 Qc5 19. c4 Kg8 20.
Kb2 Nd7 21. Qxc5 Rxc5 22. b4 Rc7 23. Rd4 Ne5 24. Kb3 Rfc8 25. f4 Nd7 26. g4
hxg4 27. Bxg4 Rd8 28. Bxd7 Rdxd7 29. Rhd1 Rc6 30. e5 Rdc7 31. exd6 exd6 32. b5
Rc5 33. R1d3 Kg7 34. Rc3 Rd7 35. Rcd3 Rdc7 36. Rg3 f6 37. Re3 Kf7 38. Kb4 b6
39. a4 Rh5 40. Rh3 Ke6 41. Re3+ Kf7 42. Rh3 Ke6 43. Re3+ Kf7 44. Rxd6 Rxh4 45.
Rc6 Rd7 46. Rf3 Rh1 47. Rc8 Re1 48. Rh8 Re4 49. Rh7+ Ke6 50. Rxd7 Kxd7 51. Rg3
Rxf4 52. Rxg6 Kc8 53. Rg8+ Kc7 54. Rg7+ Kb8 55. Rf7 f5 56. Kc3 Rf3+ 57. Kd4 Ra3
58. Rxf5 Rxa4 59. Rf7 a6 60. Kd5 axb5 61. cxb5 Ra7 62. Rxa7 Kxa7 63. Kc6 Ka8
64. Kxb6 Kb8 65. Ka6 Ka8 66. b6 1-0

[Event "N4 Blagny / Rethel "]
[Site "?"]
[Date "2010.12.12"]
[Round "3.7"]
[White "Fourcart, Marc"]
[Black "Biniaux, Michael"]
[Result "1-0"]
[WhiteElo "1689"]
[BlackElo "1751"]
[PlyCount "57"]
[EventDate "2010.12.12"]
[SourceDate "2010.12.12"]

1. e4 d5 2. Nc3 d4 3. Nce2 c5 4. Ng3 Nc6 5. Bc4 Bd7 6. f4 e5 7. f5 g6 8. Nf3
gxf5 9. exf5 Nh6 10. O-O f6 11. Ne1 Qe7 12. Qh5+ Nf7 13. Ne4 Na5 14. Nd6+ Qxd6
15. Qxf7+ Kd8 16. Be6 Be7 17. Bxd7 Kxd7 18. d3 Raf8 19. Qh5 Qd5 20. Bh6 Rf7 21.
Nf3 Bf8 22. Nd2 Rg8 23. Ne4 Kc7 24. b3 Nc6 25. a3 Nd8 26. Bd2 Rfg7 27. g3 Nf7
28. b4 Nh6 29. Bxh6 1-0

[Event "N4 Blagny / Rethel "]
[Site "?"]
[Date "2010.12.12"]
[Round "3.8"]
[White "Pierlot, Aurore"]
[Black "Chebridon, Jean Louis"]
[Result "0-1"]
[WhiteElo "1440"]
[BlackElo "1427"]
[PlyCount "70"]
[EventDate "2010.12.12"]
[SourceDate "2010.12.12"]

1. e4 d5 2. exd5 Nf6 3. c4 Bg4 4. Be2 Bxe2 5. Nxe2 c6 6. dxc6 Nxc6 7. d4 e6 8.
O-O Qb6 9. c5 Qb4 10. a3 Qc4 11. Nbc3 O-O-O 12. Be3 Bxc5 13. b3 Qa6 14. b4 Nxd4
15. Nxd4 Bxd4 16. Bxd4 e5 17. Ne2 exd4 18. Nxd4 Qd6 19. Nf5 Qe5 20. Rc1+ Kb8
21. Qf3 Rd5 22. Ng3 Re8 23. Rc3 Qd4 24. Re3 Rxe3 25. fxe3 Qd3 26. Qf4+ Ka8 27.
Rc1 Rd8 28. Qf3 Qxa3 29. Rc7 Qxb4 30. Rxf7 Ng4 31. Rxg7 Qe1+ 32. Nf1 Qb1 33.
Qxg4 Rf8 34. Qc4 Qf5 35. e4 Qf2+ 0-1

[Event "chaumont/chalons"]
[Site "?"]
[Date "2011.01.15"]
[Round "4"]
[White "PICARD, Serge"]
[Black "HARNICK, Cécilien"]
[Result "1-0"]
[WhiteElo "2074"]
[BlackElo "1953"]
[Annotator "picard,serge"]
[PlyCount "56"]
[EventDate "2011.01.16"]
[SourceDate "2011.01.16"]

1. e4 e6 2. d4 d5 3. Nd2 Nf6 4. e5 Nfd7 5. Bd3 c5 6. c3 Nc6 7. Ne2 cxd4 8. cxd4
f6 9. exf6 Nxf6 10. O-O Bd6 11. Nf3 Qc7 12. Bg5 O-O 13. Rc1 h6 14. Bh4 Nh5 15.
Bg3 Nxg3 16. Nxg3 Bf4 17. Rc3 Qd6 18. Nh5 g5 19. g3 e5 20. dxe5 Bxe5 21. Nxe5
Nxe5 22. f4 Qb6+ 23. Kh1 d4 24. Rb3 (24. fxe5 $3 dxc3 25. Nf6+ Kg7 26. Qh5 $18)
24... Qc6+ 25. Kg1 Bh3 26. Rf2 Nxd3 27. Rxd3 Be6 28. Rxd4 Qe8 1-0

[Event "chaumont/chalons"]
[Site "?"]
[Date "2011.01.16"]
[Round "4"]
[White "SALAZAR, Diego"]
[Black "MASERA, Michel"]
[Result "1-0"]
[WhiteElo "2025"]
[BlackElo "1893"]
[PlyCount "89"]
[EventDate "2011.01.16"]
[SourceDate "2011.01.16"]

1. c4 c5 2. g3 Nc6 3. Bg2 g6 4. Nc3 Bg7 5. e4 e6 6. f4 d6 7. Nf3 Nge7 8. O-O
O-O 9. Rb1 Rb8 10. a3 b6 11. b3 f5 12. Bb2 e5 13. fxe5 Nxe5 14. Nxe5 Bxe5 15.
Nd5 Bxb2 16. Rxb2 Nc6 17. d3 Nd4 18. Rbf2 Qg5 19. b4 Be6 20. Nc7 Bd7 21. exf5
Bxf5 22. Bd5+ Kg7 23. Qa1 Bh3 24. Rf7+ Rxf7 25. Rxf7+ Kh6 26. Qe1 Nc2 27. Qe2
Qc1+ 28. Kf2 Bg4 29. Bf3 Nd4 30. Qe3+ Qxe3+ 31. Kxe3 Bxf3 32. Rxf3 Nxf3 33.
Kxf3 a6 34. Nxa6 Ra8 35. b5 Re8 36. a4 Re1 37. Nc7 Ra1 38. Nd5 Rxa4 39. Nxb6
Ra3 40. Ke4 Kg5 41. Nc8 Kg4 42. Nxd6 h5 43. b6 Rb3 44. b7 Kh3 45. Nb5 1-0

[Event "chaumont/chalons"]
[Site "?"]
[Date "2011.01.16"]
[Round "4"]
[White "DA COSTA, Manuel"]
[Black "DIGOT, Jeremy"]
[Result "1-0"]
[WhiteElo "1931"]
[BlackElo "1740"]
[PlyCount "69"]
[EventDate "2011.01.16"]
[SourceDate "2011.01.16"]

1. b3 d5 2. Bb2 Nc6 3. e3 e5 4. Bb5 Bd6 5. f4 exf4 6. Bxg7 Qh4+ 7. Kf1 Nh6 8.
Bxh8 Ng4 9. Qe2 Nxh2+ 10. Rxh2 Qxh2 11. exf4+ Kf8 12. Bxc6 Qxf4+ 13. Nf3 bxc6
14. Be5 Bxe5 15. Qxe5 Ba6+ 16. Kg1 Qxe5 17. Nxe5 Re8 18. Nf3 Bc8 19. Nc3 Bf5
20. d3 Bg4 21. Kf2 Kg7 22. Re1 Rxe1 23. Nxe1 f5 24. g3 Kf6 25. d4 h5 26. Ng2
Kg5 27. Na4 Bd1 28. c3 Bc2 29. Nc5 Bb1 30. a3 Ba2 31. b4 Bc4 32. Ne6+ Kg4 33.
Ne3+ Kh3 34. Nf4+ Kh2 35. Nxh5 1-0

[Event "chaumont/chalons"]
[Site "?"]
[Date "2011.01.16"]
[Round "4"]
[White "VEILLERETTE, Chantal"]
[Black "KERLAU, Gildas"]
[Result "1-0"]
[WhiteElo "1640"]
[BlackElo "1820"]
[PlyCount "70"]
[EventDate "2011.01.16"]
[SourceDate "2011.01.16"]

1. d4 Nf6 2. c4 e6 3. Nf3 d5 4. Nc3 c6 5. e3 Nbd7 6. Bd3 dxc4 7. Bxc4 b5 8. Bd3
a6 9. e4 Bb7 10. O-O c5 11. e5 Nd5 12. Nxd5 Bxd5 13. Re1 Bxf3 14. Qxf3 cxd4 15.
Bd2 Rb8 16. Rac1 Qb6 17. Rc6 Qa7 18. Ba5 Qa8 19. Be4 Nxe5 20. Rxe6+ fxe6 21.
Qh5+ Ng6 22. Bxa8 Rxa8 23. Rxe6+ Be7 24. Rxg6 O-O 25. Qd5+ Kh8 26. Re6 Bf6 27.
Rxf6 gxf6 28. Qxd4 Rac8 29. g3 Rc6 30. Qe4 Rc1+ 31. Kg2 Rf7 32. Qa8+ Kg7 33.
Qxa6 Ra1 34. Bc3 Rb1 35. Qxb5 Rc7 1-0

[Event "chaumont/chalons"]
[Site "?"]
[Date "2011.01.16"]
[Round "4"]
[White "VOGUET, Francois"]
[Black "POGU, Thomas"]
[Result "1-0"]
[WhiteElo "1790"]
[BlackElo "1510"]
[PlyCount "105"]
[EventDate "2011.01.16"]
[SourceDate "2011.01.16"]

1. e4 e5 2. f4 exf4 3. Nf3 d6 4. Bc4 g6 5. d4 Bg7 6. Bxf4 Bg4 7. O-O Nc6 8. c3
Nge7 9. Bxf7+ Kxf7 10. Ng5+ Ke8 11. Qxg4 h5 12. Qe2 Qd7 13. Nd2 Bf6 14. Qb5 a6
15. Qb3 Nd8 16. Rae1 Qg4 17. h3 Qd7 18. Ndf3 Rf8 19. Nh7 Rf7 20. Nxf6+ Rxf6 21.
Bg5 Rf8 22. e5 dxe5 23. Rxe5 Ndc6 24. Qxb7 Nxe5 25. Qxa8+ Nc8 26. Qe4 Qe6 27.
Qxe5 Qxe5 28. Nxe5 Rxf1+ 29. Kxf1 Nd6 30. Nxg6 Kf7 31. Ne5+ Ke6 32. Bd8 Nc4 33.
Nxc4 Kd7 34. Bh4 c6 35. Ke2 Ke6 36. Ke3 Kd5 37. Nd2 c5 38. g4 cxd4+ 39. cxd4
hxg4 40. hxg4 a5 41. Bg3 a4 42. b3 a3 43. g5 Ke6 44. Ke4 Ke7 45. b4 Ke6 46. b5
Kd7 47. b6 Kd8 48. g6 Kc8 49. g7 Kb7 50. g8=Q Ka6 51. Bc7 Kb5 52. Qc4+ Ka5 53.
b7# 1-0

[Event "chaumont/chalons"]
[Site "?"]
[Date "2011.01.16"]
[Round "4"]
[White "PARISOT, AnthonY"]
[Black "POIROT, Eric"]
[Result "1-0"]
[WhiteElo "1665"]
[BlackElo "1499"]
[PlyCount "92"]
[EventDate "2011.01.16"]
[SourceDate "2011.01.16"]

1. e4 Nf6 2. Nc3 d5 3. exd5 Nxd5 4. Nxd5 Qxd5 5. Nf3 e5 6. c3 Bg4 7. Be2 Nc6 8.
h3 Bh5 9. O-O Be7 10. d3 f5 11. Bg5 O-O-O 12. Bxe7 Nxe7 13. Ng5 Bxe2 14. Qxe2
Nc6 15. Qe3 h6 16. c4 Qd7 17. Nf3 Qxd3 18. Qxd3 Rxd3 19. Rad1 Rhd8 20. Ra1 g5
21. b4 e4 22. b5 exf3 23. bxc6 bxc6 24. g3 Rc3 25. Rfc1 Rdd3 26. Rab1 a5 27.
Re1 Rxc4 28. Re8+ Rd8 29. Re6 Rd6 30. Re8+ Kd7 31. Rbb8 c5 32. Rbd8+ Kc6 33.
Rxd6+ cxd6 34. Rh8 Rc1+ 35. Kh2 Rc2 36. Rxh6 Rxf2+ 37. Kg1 Rxa2 38. Rg6 Rg2+
39. Kf1 Rxg3 40. Rh6 Rg2 41. Re6 Rh2 42. Rg6 g4 43. hxg4 fxg4 44. Rxg4 Kb5 45.
Rf4 d5 46. Rxf3 d4 1-0

[Event "chaumont/chalons"]
[Site "?"]
[Date "2011.01.16"]
[Round "4"]
[White "DOYON, Yves"]
[Black "COUTIER, Camille"]
[Result "1/2-1/2"]
[WhiteElo "1580"]
[BlackElo "1525"]
[PlyCount "96"]
[EventDate "2011.01.16"]
[SourceDate "2011.01.16"]

1. e4 c6 2. d4 d5 3. Nc3 dxe4 4. Nxe4 Bf5 5. Ng3 Bg6 6. Nf3 Nd7 7. Be3 Ngf6 8.
Bd3 Bxd3 9. Qxd3 e6 10. O-O Be7 11. a3 O-O 12. Rad1 Qc7 13. c4 Rad8 14. Qb1
Rfe8 15. b4 Nb6 16. Qb3 Rd7 17. Ne2 Red8 18. Bf4 Qc8 19. Ne5 Rc7 20. Nf3 Rcd7
21. h3 Na8 22. Ne5 Rc7 23. Ng4 Nxg4 24. Bxc7 Nxc7 25. hxg4 Ne8 26. f4 Qc7 27.
Rf3 Nd6 28. Rh3 Ne4 29. Qd3 f5 30. gxf5 exf5 31. Ng3 Qxf4 32. Nxe4 fxe4 33. Qe3
Qg4 34. Qe1 Bf6 35. d5 cxd5 36. cxd5 Qf4 37. Qg3 Qf5 38. Qb3 Kh8 39. d6 Be5 40.
Rd5 Rxd6 41. Rxd6 Bxd6 42. Qd1 Qe6 43. Rh5 e3 44. Kf1 Qc4+ 45. Qe2 Qc1+ 46. Qe1
Qc4+ 47. Qe2 Qc1+ 48. Qe1 Qc4+ 1/2-1/2

[Event "chaumont/chalons"]
[Site "?"]
[Date "2011.01.16"]
[Round "4"]
[White "KRAJEWSKI, Eric"]
[Black "LOUOT, Catherine"]
[Result "0-1"]
[WhiteElo "1470"]
[BlackElo "1555"]
[PlyCount "38"]
[EventDate "2011.01.16"]
[SourceDate "2011.01.16"]

1. e4 e5 2. Nf3 Nc6 3. Bc4 Bc5 4. c3 d6 5. d3 h6 6. O-O Qf6 7. Nbd2 Nge7 8. h3
O-O 9. b4 Bb6 10. Nb3 Ng6 11. d4 exd4 12. Nbxd4 Nxd4 13. Nxd4 c5 14. bxc5 dxc5
15. Ne2 Ne5 16. Bd5 Qg6 17. Ng3 c4 18. Bd2 Qxg3 19. Qe2 Bxh3 0-1

[Event " La Tour du Roi /Echiquier Aubois "]
[Site "?"]
[Date "2011.01.16"]
[Round "4"]
[White "Szylar, Eric"]
[Black "Chery, Quentin"]
[Result "1-0"]
[WhiteElo "2065"]
[BlackElo "1810"]
[PlyCount "52"]
[EventDate "2009.11.22"]
[SourceDate "2011.01.16"]

1. e4 e5 2. Nc3 Nf6 3. f4 Bb4 4. fxe5 Bxc3 5. bxc3 Nxe4 6. Nf3 d5 7. Ba3 Bg4 8.
Be2 Bxf3 9. Bxf3 Qh4+ 10. g3 Qg5 11. O-O Nd7 12. Qe1 Qxe5 13. d3 Qxc3 14. Qxc3
Nxc3 15. Bb4 d4 16. Rae1+ Kd8 17. Bxb7 Rb8 18. Be7+ Ke8 19. Bc6 Rb1 20. Bf6+
Rxe1 21. Rxe1+ Kf8 22. Bxd4 Nf6 23. Bxc3 h5 24. Bxf6 gxf6 25. Re8+ Kg7 26. Rxh8
Kxh8 1-0

[Event " La Tour du Roi /Echiquier Aubois "]
[Site "?"]
[Date "2011.01.16"]
[Round "4"]
[White "Chittier, Celine"]
[Black "halfaoui, Edine"]
[Result "0-1"]
[WhiteElo "1906"]
[BlackElo "1818"]
[PlyCount "75"]
[EventDate "2009.11.22"]
[SourceDate "2011.01.16"]

1. Nf3 Nf6 2. d4 d5 3. Bf4 g6 4. e3 Bg7 5. c4 O-O 6. Nc3 c6 7. Be2 Nbd7 8. O-O
dxc4 9. Bxc4 Nh5 10. Bg5 Nb6 11. Bb3 h6 12. Bh4 Bg4 13. h3 Bxf3 14. Qxf3 Nf6
15. Rfd1 g5 16. Bg3 Nbd5 17. e4 Nxc3 18. bxc3 Qa5 19. c4 Nd7 20. Rac1 Rac8 21.
h4 e5 22. Qf5 gxh4 23. Bxh4 Qc7 24. dxe5 Nxe5 25. f4 Ng6 26. e5 Nxh4 27. Qg4
Nxg2 28. Qxg2 Kh8 29. Qh3 Rg8 30. Rd7 Qb6+ 31. c5 Qb4 32. Bxf7 Bxe5+ 33. Bxg8
Rxg8+ 34. Kf1 Qxf4+ 35. Ke2 Qxc1 36. Rh7+ Kxh7 37. Qf5+ Rg6 38. Qf7+ 0-1

[Event " La Tour du Roi /Echiquier Aubois "]
[Site "?"]
[Date "2011.01.16"]
[Round "4"]
[White "Solanas, Rcardo"]
[Black "Hacene, Ahmed"]
[Result "1-0"]
[WhiteElo "1643"]
[BlackElo "1797"]
[PlyCount "79"]
[EventDate "2009.11.22"]
[SourceDate "2011.01.16"]

1. d4 d5 2. c4 Nf6 3. Nf3 e6 4. g3 c6 5. Bg2 Be7 6. O-O O-O 7. Qc2 Nbd7 8. b3
Re8 9. Nc3 Bd6 10. Re1 e5 11. cxd5 e4 12. Nd2 cxd5 13. Nf1 Nb6 14. Bg5 h6 15.
Bd2 Bf5 16. Ne3 Bg6 17. Rac1 Ba3 18. Rcd1 Rc8 19. Qb1 Qd7 20. Qa1 a6 21. Nc2
Bd6 22. Rc1 Ng4 23. Ne3 Nxe3 24. Bxe3 Ba3 25. Rcd1 Rc6 26. Bc1 Bb4 27. Bd2 Rec8
28. Nxe4 Ba3 29. Nc5 Bxc5 30. dxc5 Rxc5 31. Be3 Rb5 32. Rc1 Rxc1 33. Rxc1 Rb4
34. Qe5 f6 35. Qc7 d4 36. Bd2 Rb5 37. Qxb7 Qxb7 38. Bxb7 a5 39. Ba6 Rd5 40. Rc6
1-0